000 00522nam a22001937a 4500
001 BT-PhCST
003 BT-PhCST
005 20190204172439.0
008 170403b xxu||||| |||| 00| 0 eng d
020 _a9781859455172
040 _aBT-PhCST
_cBT-PhCST
_dBT-PhCST
050 _a19650-19651
082 _222
_a720.92
100 _aEdited by: Irena Murry
245 _aCharles correa:
_bindia's greatest architecture /
260 _bRiba publishing house,
_cc2013.
300 _aill. ;
_b70 p. ;
_c23 cm.
942 _2ddc
_cAE
999 _c6693
_d6693